000 00739cam a22002533a 4500
001 17987
003 PGUSA
005 20140828083401.0
008 060315s2006||||xxu|||||s|||||000 | eng d
040 _aPGUSA
_beng
042 _adc
050 4 _aF1001
100 1 _aBryce, George,
_d1844-1931
245 1 4 _aThe Mound Builders
_h[electronic resource] /
_cGeorge Bryce
260 _bProject Gutenberg,
_c2006
506 _aPublic domain in the USA.
516 _aElectronic text
653 _aIndians of North America -- Manitoba -- Antiquities
653 _aMound-builders -- Manitoba
653 _aManitoba -- Antiquities
830 0 _aProject Gutenberg
_v17987
856 4 0 _uhttp://www.gutenberg.org/ebooks/17987
942 _cEB
999 _c247242
_d247242